Fondos del siglo XIX que se conservan hasta la fecha en el Archivo Histórico del Centro de Estudios de Historia de México Condumex (Record no. 200)

MARC details
000 -CABECERA
campo de control de longitud fija 00800nam a2200181 a 4500
001 - NÚMERO DE CONTROL
campo de control BRCA_244
005 - FECHA Y HORA DE LA ÚLTIMA TRANSACCIÓN
campo de control 20190320202931.0
008 - DATOS DE LONGITUD FIJA--INFORMACIÓN GENERAL
campo de control de longitud fija 930427s1991 mx-#---##b---#000-0#spa-d
050 #4 - SIGNATURA TOPOGRÁFICA DE LA BIBLIOTECA DEL CONGRESO
Número de clasificación Z1426.2
Número de documento/Ítem .C46 1991
245 10 - MENCIÓN DE TÍTULO
Título Fondos del siglo XIX que se conservan hasta la fecha en el Archivo Histórico del Centro de Estudios de Historia de México Condumex
Resto del título lista en orden cronológico desde 1822 hasta 1901
Mención de responsabilidad, etc. compilación por Josefina Miguel Flores.
260 ## - PUBLICACIÓN, DISTRIBUCIÓN, ETC.
Lugar de publicación, distribución, etc. Chimalistac, Ciudad de México
Nombre del editor, distribuidor, etc. Centro de Estudios de Historia de México Condumex (CARSO)
Fecha de publicación, distribución, etc. 1991
300 ## - DESCRIPCIÓN FÍSICA
Extensión 38 p.
Dimensiones 21 cm.
650 14 - PUNTO DE ACCESO ADICIONAL DE MATERIA--TÉRMINO DE MATERIA
Término de materia o nombre geográfico como elemento de entrada Manuscritos mexicanos
Subdivisión de forma Catálogos
Subdivisión geográfica México
9 (RLIN) 848
651 #4 - PUNTO DE ACCESO ADICIONAL DE MATERIA--NOMBRE GEOGRÁFICO
Nombre geográfico México
Subdivisión de forma Fuentes
Subdivisión general Historia
Subdivisión cronológica Siglo XIX
9 (RLIN) 849
653 0# - TÉRMINO DE INDIZACIÓN--NO CONTROLADO
Término no controlado Acervo - CONDUMEX - CARSO
700 1# - PUNTO DE ACCESO ADICIONAL--NOMBRE DE PERSONA
Nombre de persona Moguel, Josefina
9 (RLIN) 738
942 ## - ELEMENTOS DE PUNTO DE ACCESO ADICIONAL (KOHA)
Fuente del sistema de clasificación o colocación Library of Congress Classification
Tipo de ítem Koha Libros
Holdings
Estado de retiro Estado de pérdida Estado dañado No para préstamo Localización permanente Ubicación/localización actual Fecha de adquisición Total de préstamos Signatura topográfica completa Código de barras Fecha visto por última vez Precio válido a partir de Tipo de ítem Koha
El ejemplar forma parte de la colección y puede ser consultado según las políticas vigentes.       Biblioteca del Museo Franz Mayer (Rogerio Casas-Alatriste) Biblioteca del Museo Franz Mayer (Rogerio Casas-Alatriste) 25/06/2008   Z1426.2 .C46 1991 00307 22/03/2019 22/03/2019 Libros